MARC

LEADER 00000nam0a2200000 4500
001 88572
005 20231101213617.0
035 |a (RuTPU)RU\TPU\book\95056 
090 |a 88572 
100 |a 20051227d1982 m y0rusy50 ca 
101 1 |a rus 
102 |a RU 
105 |a ac z 001cd 
200 1 |a Комедия книги  |f И. Рат-Вег  |g сокращенный перевод с венгерского издания 1978 г. А. С. Науменко, Ю. П. Гусева, С. А. Солодовник; худ. В. А. Корольков 
210 |a Москва  |c Книга  |d 1982 
215 |a 542 с.  |c ил.  |d 17 см. 
320 |a Комментарии: с. 483-540. 
513 1 |a A konyv komediaja  |z hun 
600 1 |a Рат-Вег  |b И.  |c Rath-Vegh Istvan  |c венгерский писатель  |f 1870-1959  |g Иштван  |2 stltpush  |3 (RuTPU)RU\TPU\pers\15573 
600 1 |a Эльзевир  |b Л.  |c Elzevier  |c основатель крупнейшей голландской фирмы "Эльзевир"(1581)  |c книгоиздатель  |c типограф  |f 1546?-1617  |g Лодевейк Старший  |2 stltpush  |3 (RuTPU)RU\TPU\pers\14189 
600 1 |a Траттнер  |b Я. (И.) Т.  |c венгерский книготорговец  |f 1717-1798  |g Янош (Иоганн) Томаш (Томас)  |2 stltpush  |3 (RuTPU)RU\TPU\pers\15579  |9 5391 
600 1 |a Пальм  |b И.-Ф.  |c немецкий книгоиздатель  |f 1766-1806  |g Иоганн-Филипп  |2 stltpush  |3 (RuTPU)RU\TPU\pers\15581  |9 5393 
610 1 |a всемирная история 
610 1 |a история книги 
610 1 |a 14 век 
610 1 |a 15 век 
610 1 |a 16 век 
610 1 |a 17 век 
610 1 |a 18 век 
610 1 |a 19 век 
610 1 |a 20 век 
610 1 |a библиофилы 
610 1 |a библиофилия 
610 1 |a книговедение 
610 1 |a книги-малютки 
610 1 |a Западная Европа 
610 1 |a книгоиздание 
610 1 |a книгоиздатели 
610 1 |a книжная торговля 
610 1 |a занимательные факты 
686 |a Ч611  |v LBC/SL-A  |2 rubbk 
700 1 |a Рат-Вег  |b И.  |g Иштван 
702 1 |a Науменко  |b А. С.  |4 730 
702 1 |a Гусев  |b Ю. П.  |4 730 
702 1 |a Солодовник  |b С. А.  |4 730 
702 1 |a Корольков  |b В. А.  |4 040 
801 1 |a RU  |b 63413507  |c 20051227  |g PSBO 
801 2 |a RU  |b 63413507  |c 20100313  |g PSBO 
942 |c BK